Normal view
MARC view
Entry Personal Name
001 - CONTROL NUMBER
- control field: 539
003 - CONTROL NUMBER IDENTIFIER
- control field: BD-DhUIB
005 - DATE AND TIME OF LATEST TRANSACTION
- control field: 20210603112742.0
008 - FIXED-LENGTH DATA ELEMENTS
- fixed length control field: 210603|| aca||aabn | a|a d
040 ## - CATALOGING SOURCE
- Original cataloging agency: BD-DhUIB
- Transcribing agency: BD-DhUIB
100 ## - HEADING--PERSONAL NAME
- Personal name: Bierman, Harold.
- Title of a work: Quantitative analysis for business decisions
670 ## - SOURCE DATA FOUND
- Source citation: Work cat.: (BD-DhUIB)0: Bonini, Charles P. 533, Quantitative analysis for management /, c1997.
